Premier League Assist Leaders By Year - Statistics

General Stats
  • This quiz has been taken 114 times
    27 since last reset
  • The average score is 25 of 36
Answer Stats
Season Player Nationality Assist % Correct
16-17 Kevin de Bruyne Belgium 18
100%
17-18 Kevin de Bruyne Belgium 16
100%
19-20 Kevin de Bruyne Belgium 20
100%
22-23 Kevin de Bruyne Belgium 18
100%
21-22 Mohamed Salah Egypt 13
100%
24-25 Mohamed Salah Egypt 18
100%
Dimitar Berbatov Bulgaria 11
92%
18-19 Eden Hazard Belgium 15
92%
08-09 Steven Gerrard England 11
88%
13-14 Steven Gerrard England 11
88%
02-03 Thierry Henry France 21
88%
07-08 Cesc Fabregas Spain 20
84%
14-15 Cesc Fabregas Spain 18
84%
98-99 Dennis Bergkamp Netherlands 13
84%
05-06 Didier Drogba Ivory Coast 12
84%
92-93 Eric Cantona France 15
84%
96-97 Eric Cantona France 12
84%
04-05 Frank Lampard England 17
84%
09-10 Frank Lampard England 16
84%
97-98 David Beckham England 14
76%
99-00 David Beckham England 15
76%
00-01 David Beckham England 12
76%
11-12 David Silva Spain 15
76%
20-21 Harry Kane England 14
76%
15-16 Mesut Ozil Germany 19
68%
10-11 Nani Portugal 17
64%
06-07 Wayne Rooney England 12
60%
01-02 Robert Pires France 15
48%
12-13 Juan Mata Spain 12
44%
93-94 Andy Cole England 13
36%
Marc Overmars Netherlands 13
36%
Floyd Hasselbaink Netherlands 13
28%
23-24 Ollie Watkins England 13
20%
03-04 Muzzy Izzet Turkey 14
16%
94-95 Matt Le Tissier North Ireland 15
12%
95-96 Steve McManaman England 15
8%
No matching quizzes found
Score Distribution
Percent of People with Each Score
Percentile by Number Answered
Your Score History
You have not taken this quiz since the last reset